000 00911nas a2200277 4500
001 BR2015001942
003 BR-BrBNA
005 20231205125159.0
007 ta
008 230509b bl.|||p| |||| 00| 00por d
040 _aBR-BrBNA
_bpor
_cBiblioteca Nacional de Agricultura
041 _a(Pt)
072 _aP34
100 1 _aPapini, S.
100 1 _aAndréa, M.M.
245 1 _aAção de minhocas Eisenia foetida sobre a dissipação dos herbicidas simazina e paraquat aplicados no solo
650 _aHERBICIDA
650 _aMINHOCA
650 _aBIOLOGIA DO SOLO
650 _aCONTAMINAÇÃO
650 _aMATÉRIA ORGÂNICA
773 0 _tRevista Brasileira de Ciência do Solo (Brazil)
_xISSN 0100-0683
_g(Jan-Feb 2004), v. 28(1) p. 67-73
_wBR2015001942
856 4 0 _uhttp://www.scielo.br/pdf/rbcs/v28n1/a07v28n1.pdf
909 _a202311
_bLúcia
_c55
_dLúcia Elande
942 _2AGRIS
_n0
_cANA
999 _c243063
_d243063